[Event "Mumbai Wealth U2050 op 5th"]
[Site "Mumbai"]
[Date "2020.01.05"]
[Round "6"]
[White "Aditya, Savalkar"]
[Black "Rohan, Bharat Joshi"]
[Result "1-0"]
[WhiteElo "1669"]
[BlackElo "1953"]
[PlyCount "81"]
[EventDate "2020.01.02"]
[EventType "swiss"]
[EventRounds "9"]
[EventCountry "IND"]
[SourceTitle "CBM 194 Extra"]
[Source "ChessBase"]
[SourceDate "2020.03.31"]
[SourceVersion "1"]
[SourceVersionDate "2020.03.31"]
[SourceQuality "1"]

1. e4 c5 2. Nf3 e6 3. d4 cxd4 4. Nxd4 a6 5. a3 Nf6 6. Nc3 Qc7 7. Be3 b5 8. g3 Bb7 9. Bg2 d6 10. 0-0 Be7 11. Re1 Nbd7 12. Nb3 Ne5 13. Nd2 Neg4 14. Bd4 e5 15. Be3 Nxe3 16. Rxe3 0-0 17. Nf1 Bc6 18. Rd3 Qb7 19. Ne3 Nxe4 20. Nf5 d5 21. Nxd5 Bxd5 22. Rxd5 Nxf2 23. Kxf2 Bf6 24. Qd2 e4 25. c3 Rfe8 26. Nd6 e3+ 27. Qxe3 Qxd5 28. Bxd5 Rxe3 29. Bxa8 Rd3 30. Ne4 Rd8 31. Nxf6+ gxf6 32. Bb7 Rd2+ 33. Ke3 Rxh2 34. Bxa6 Rxb2 35. c4 Rb3+ 36. Kf4 bxc4 37. Bxc4 Rc3 38. Bb5 Kg7 39. a4 Rb3 40. Bc6 Rb4+ 41. Be4 1-0

[Event "Mumbai Wealth U2050 op 5th"]
[Site "Mumbai"]
[Date "2020.01.03"]
[Round "2"]
[White "Samyukta, Banthia"]
[Black "Rohan, Bharat Joshi"]
[Result "0-1"]
[WhiteElo "1481"]
[BlackElo "1953"]
[PlyCount "68"]
[EventDate "2020.01.02"]
[EventType "swiss"]
[EventRounds "9"]
[EventCountry "IND"]
[SourceTitle "CBM 194 Extra"]
[Source "ChessBase"]
[SourceDate "2020.03.31"]
[SourceVersion "1"]
[SourceVersionDate "2020.03.31"]
[SourceQuality "1"]

1. e4 c5 2. Nf3 e6 3. d4 cxd4 4. Nxd4 a6 5. Nc3 Qc7 6. Bd3 Nf6 7. 0-0 Bc5 8. Nb3 Be7 9. f4 d6 10. e5 Nfd7 11. exd6 Bxd6 12. Ne4 Be7 13. a4 b6 14. Bd2 Nf6 15. Bc3 Nbd7 16. Qf3 Bb7 17. Be5 Qc8 18. Kh1 Nxe4 19. Bxe4 Bxe4 20. Qxe4 Nxe5 21. fxe5 0-0 22. Rae1 Ra7 23. Rf3 Rc7 24. Nd4 Qd7 25. Rh3 h6 26. b3 Rd8 27. c3 Rdc8 28. Ree3 Bg5 29. Reg3 Qd8 30. Kg1 Rd7 31. Rd3 Rxc3 32. Rxc3 Rxd4 33. Rhd3 Rxe4 34. Rxd8+ Bxd8 0-1

[Event "Benidorm op U2000 18th"]
[Site "Benidorm"]
[Date "2019.12.04"]
[Round "7"]
[White "Hamilton, Douglas"]
[Black "Rohan, Bharat Joshi"]
[Result "0-1"]
[WhiteElo "1836"]
[BlackElo "1944"]
[PlyCount "122"]
[EventDate "2019.11.29"]
[EventType "swiss"]
[EventRounds "10"]
[EventCountry "ESP"]
[SourceTitle "EXT 2022"]
[Source "ChessBase"]
[SourceDate "2021.10.06"]
[SourceVersion "1"]
[SourceVersionDate "2021.10.06"]
[SourceQuality "1"]

1. d4 Nf6 2. Nc3 d5 3. Bf4 c5 4. e3 cxd4 5. exd4 a6 6. Bd3 Nc6 7. Nge2 Bg4 8. f3 Bh5 9. a3 e6 10. 0-0 Bd6 11. Qd2 Bg6 12. Rad1 0-0 13. Bxg6 hxg6 14. Bxd6 Qxd6 15. Na4 Nd7 16. Qf4 Qxf4 17. Nxf4 b6 18. h4 Rfc8 19. Rd2 Na5 20. b3 Rc7 21. Rff2 Rac8 22. Nd3 Kf8 23. Rfe2 Nb7 24. Nab2 Nd6 25. g4 Nb5 26. Ne1 Nxa3 27. Nd1 a5 28. Ne3 Nb1 29. Rd3 Nc3 30. Rf2 b5 31. Nd1 a4 32. bxa4 bxa4 33. Nxc3 Rxc3 34. Rfd2 Nb6 35. Rd1 Ke7 36. Rb1 R3c6 37. Ra3 Kd7 38. Nd3 f6 39. Nc5+ Kd6 40. c3 Rh8 41. Kg2 Rxh4 42. Kg3 Rh8 43. Rb4 g5 44. Rb5 Ra8 45. Rb1 Rh8 46. Re1 e5 47. Rb1 Ra8 48. Rb4 Rxc5 49. Rxb6+ Rc6 50. dxe5+ fxe5 51. Rb7 Rc7 52. Rb6+ Kc5 53. Re6 Rb7 54. Rxe5 Rb3 55. Ra1 a3 56. Rd1 Rd8 57. Re7 g6 58. Rd4 Rxc3 59. Ra4 Rf8 60. Raa7 Rfxf3+ 61. Kg2 Rfd3 0-1

[Event "Maharashtra State-ch U25"]
[Site "Nasik"]
[Date "2018.08.11"]
[Round "6"]
[White "Patil, Harshal"]
[Black "Rohan, Bharat Joshi"]
[Result "0-1"]
[WhiteElo "1788"]
[BlackElo "1820"]
[PlyCount "66"]
[EventDate "2018.08.09"]
[EventType "swiss"]
[EventRounds "9"]
[EventCountry "IND"]
[SourceTitle "CBM 186 Extra"]
[Source "ChessBase"]
[SourceDate "2018.08.24"]
[SourceVersion "1"]
[SourceVersionDate "2018.08.24"]
[SourceQuality "1"]

1. e4 c5 2. c3 Nf6 3. e5 Nd5 4. Bc4 e6 5. Nf3 Nc6 6. 0-0 d6 7. d4 cxd4 8. cxd4 Be7 9. Nc3 Nxc3 10. bxc3 0-0 11. Qe2 dxe5 12. dxe5 b6 13. Bd3 Qc7 14. Qe4 g6 15. Bg5 Bxg5 16. Nxg5 Nxe5 17. Rfe1 Nxd3 18. Qxd3 Bb7 19. Qh3 h5 20. Re3 Rad8 21. Rg3 Qd6 22. Re1 Qd2 23. Rge3 Rd3 24. Qg3 Qxe1+ 25. Rxe1 Rxg3 26. hxg3 Rd8 27. Re2 Rd1+ 28. Kh2 Rc1 29. Rd2 Bd5 30. Nh3 Rxc3 31. Nf4 Rc5 32. g4 hxg4 33. Kg3 Ra5 0-1

[Event "Maharashtra State-ch U25"]
[Site "Nasik"]
[Date "2018.08.11"]
[Round "5"]
[White "Rohan, Bharat Joshi"]
[Black "Giri, Abhishek"]
[Result "1-0"]
[WhiteElo "1820"]
[BlackElo "1583"]
[PlyCount "80"]
[EventDate "2018.08.09"]
[EventType "swiss"]
[EventRounds "9"]
[EventCountry "IND"]
[SourceTitle "CBM 186 Extra"]
[Source "ChessBase"]
[SourceDate "2018.08.24"]
[SourceVersion "1"]
[SourceVersionDate "2018.08.24"]
[SourceQuality "1"]

1. e4 d5 2. exd5 Nf6 3. d4 Nxd5 4. Nf3 g6 5. Be2 Bg7 6. 0-0 0-0 7. c4 Nf6 8. Nc3 c6 9. h3 Qc7 10. Bg5 Bf5 11. Qc1 Ne4 12. Bf4 Qa5 13. Nxe4 Bxe4 14. Nd2 Bf5 15. Nb3 Qd8 16. g4 Be6 17. Qe3 Na6 18. Rac1 Bd7 19. Rfd1 f5 20. g5 Qe8 21. d5 e5 22. dxe6 Qxe6 23. Rd6 Qxe3 24. fxe3 Be8 25. c5 Nb4 26. Nd4 Nd5 27. Ne6 Nxf4 28. exf4 Bxb2 29. Rb1 Ba3 30. Rb3 Bc1 31. Nxf8 Kxf8 32. Rf6+ Ke7 33. Rxb7+ Bd7 34. Bc4 Rd8 35. Rf7+ Ke8 36. Be6 Bxf4 37. Rfxd7 Rxd7 38. Bxd7+ Kd8 39. Bxc6 Be3+ 40. Kg2 Bxc5 1-0

[Event "Maharashtra State-ch U25"]
[Site "Nasik"]
[Date "2018.08.10"]
[Round "4"]
[White "Pawar, Rahul"]
[Black "Rohan, Bharat Joshi"]
[Result "0-1"]
[WhiteElo "1651"]
[BlackElo "1820"]
[PlyCount "100"]
[EventDate "2018.08.09"]
[EventType "swiss"]
[EventRounds "9"]
[EventCountry "IND"]
[SourceTitle "CBM 186 Extra"]
[Source "ChessBase"]
[SourceDate "2018.08.24"]
[SourceVersion "1"]
[SourceVersionDate "2018.08.24"]
[SourceQuality "1"]

1. e4 c5 2. Nf3 e6 3. c3 Nf6 4. Bd3 d6 5. 0-0 Be7 6. h3 0-0 7. Bc2 b6 8. d4 Bb7 9. Re1 Nc6 10. a3 Rc8 11. Bf4 Na5 12. Nbd2 cxd4 13. cxd4 b5 14. Rc1 a6 15. Bd3 d5 16. Rxc8 Qxc8 17. e5 Nh5 18. Be3 g6 19. Nf1 Nc4 20. Bc1 Qd7 21. g4 Ng7 22. Ne3 Rc8 23. g5 b4 24. a4 Nxe3 25. Bxe3 Nf5 26. Bd2 Qd8 27. b3 Qb6 28. Qa1 a5 29. h4 Ba6 30. Bb1 Bd8 31. Bxf5 exf5 32. Qb1 Rc6 33. Kg2 Qc7 34. Rc1 Rxc1 35. Qxc1 Qxc1 36. Bxc1 Be2 37. Nd2 Bb6 38. Bb2 f4 39. f3 h5 40. Kf2 Bd1 41. Kg2 Kf8 42. Kf2 Ke7 43. Ke1 Bc2 44. Kf1 Ke6 45. Kg2 Kf5 46. Kh3 Bd8 47. Bc1 Be7 48. Bb2 Bxg5 49. hxg5 Kxg5 50. Bc1 Kh6 0-1